[Event "Ruhrgebiet VK3 0405"]
[Site "Ruhrgebiet"]
[Date "2004.11.07"]
[Round "3.6"]
[White "Euting, Werner"]
[Black "Krichel, Norbert"]
[Result "1-0"]
[WhiteElo "1842"]
[BlackElo "1628"]
[PlyCount "93"]
[EventDate "2004.09.12"]
[EventType "team"]
[EventRounds "9"]
[EventCountry "GER"]
[SourceTitle "EXT 2006"]
[Source "ChessBase"]
[SourceDate "2005.11.24"]
[SourceVersion "1"]
[SourceVersionDate "2005.11.24"]
[SourceQuality "1"]
[WhiteTeam "Essen Borbeck II"]
[BlackTeam "Ahlen II"]
[WhiteTeamCountry "GER"]
[BlackTeamCountry "GER"]

1. d4 d5 2. Bf4 Nf6 3. e3 g6 4. Nf3 Bg7 5. h3 0-0 6. Be2 Nbd7 7. 0-0 c5 8. c3 c4 9. b3 b5 10. a4 Qa5 11. b4 Qb6 12. axb5 Qxb5 13. Ra5 Qb6 14. Qa4 a6 15. Nbd2 Bb7 16. Ra1 e6 17. Qc2 Rfc8 18. Ne5 Nxe5 19. Bxe5 Nd7 20. Bxg7 Kxg7 21. e4 dxe4 22. Nxe4 Qc7 23. Bf3 Qf4 24. Qd2 Qc7 25. Ng5 Nf6 26. Bxb7 Qxb7 27. Nf3 Ne4 28. Qe3 Nf6 29. Qe5 Rd8 30. Nd2 Rd5 31. Rxd5 exd5 32. Qd6 h5 33. Re1 a5 34. Re7 Qa6 35. Qc7 Rf8 36. bxa5 Qb5 37. Qb6 Rb8 38. Qxb5 Rxb5 39. a6 Ra5 40. a7 Kf8 41. Rb7 Kg7 42. g4 g5 43. Kg2 Kg6 44. Nf3 Ne4 45. Ne5+ Kf6 46. Rxf7+ Ke6 47. Nc6 1-0